[Event "Elenite"]
[Site "Elenite"]
[Date "1995.??.??"]
[Round "1"]
[White "Gulko, Boris F"]
[Black "Kolev, Atanas"]
[Result "1-0"]
[WhiteElo "2620"]
[BlackElo "2500"]
[Annotator "Stohl,I"]
[PlyCount "69"]
[EventDate "1995.09.??"]
[EventType "tourn"]
[EventRounds "9"]
[EventCountry "BUL"]
[EventCategory "15"]
[SourceTitle "CBM 050"]
[Source "ChessBase"]
[SourceDate "1996.02.01"]
[SourceVersion "1"]
[SourceVersionDate "1996.02.01"]
[SourceQuality "1"]

1. c4 {Dolmatov} c5 2. Nf3 Nc6 3. Nc3 (3. d4 cxd4 4. Nxd4 Nf6 5. Nc3 Qb6 6. Nb3
(6. e3 e6 7. Be2 Bc5 8. O-O $5 Nxd4 9. exd4 Bxd4 10. Nb5 e5 11. Nxd4 exd4 12.
b3 d5 13. Bb2 dxc4 14. Bxc4 O-O 15. Bxd4 Qd6 16. Re1 $14 {Robatsch,K-Tolnai,T/
AUT-chT 9495/1995/}) 6... e6 7. e4 (7. a3 d5 8. cxd5 (8. Be3 $5 $14) 8... Nxd5
9. Bd2 Nxc3 10. Bxc3 e5 11. e3 Be6 12. Nd2 Be7 13. Bc4 Bxc4 14. Nxc4 Qc5 15.
Qb3 O-O 16. O-O b5 $2 17. Na5 Nxa5 18. Bxa5 Qc4 19. Qxc4 bxc4 20. Rfd1 Rab8 21.
Bc3 f6 22. Rd7 $16 {[%cal Gd1d8] <->d,Gulko,B-Sziebert,A/Bern op/1995/}) 7...
Bb4 8. Be3 Bxc3+ 9. bxc3 Qc7 10. f3 b6 11. c5 O-O 12. Be2 Rd8 13. Qd6 Qxd6 14.
cxd6 Ne8 15. Rd1 Bb7 16. c4 Ba6 17. c5 Bxe2 18. Kxe2 f5 19. exf5 exf5 20. Rd2
Rab8 21. Rc1 g6 22. Nd4 Nxd4+ 23. Bxd4 $16 {[%csl Re8] (),פe8,Filippov,
V-Khasin,A/RUS-sf Novosibirsk/1995/}) 3... Nf6 4. g3 g6 5. d4 cxd4 6. Nxd4 d6 (
6... Bg7 {Dolmatov} 7. Bg2 O-O 8. O-O d6 9. Nxc6 bxc6 10. Bxc6 Bh3 11. Bxa8
Qxa8 12. f3 Bxf1 13. Kxf1 Rc8 14. Qd3 Qb7 15. Rb1 Nd7 $14) 7. Bg2 Bd7 8. O-O
Bg7 (8... Nxd4 9. Qxd4 Bc6 10. Nd5 Bg7 11. Bg5 $36) 9. Nc2 $1 {White has a
space advantage and therefore avoids simplification.} (9. e3 O-O 10. b3 a6 (
10... Nxd4 11. exd4 Bc6 12. d5 Bd7 13. Be3 Qa5 14. Bd4 Rfc8 15. Re1 Qd8 16. Qe2
Bf8 17. h3 Be8 18. Qe3 Nd7 19. h4 $16 {->,Vukic,M-Antic,D/JUG-chT Tivat/1995/})
(10... Qa5 $142 11. Bb2 Qh5 $13) 11. Bb2 Qa5 12. a4 Rfc8 13. h3 Rab8 14. Re1
Qb6 15. Rb1 Kf8 16. Nde2 Na5 17. Ba1 Qd8 18. Nd5 Ne8 19. Bxg7+ Nxg7 20. e4 Nc6
21. Nec3 Kg8 22. Re2 Ne8 23. Rd2 e6 24. Ne3 $14 {Ehlvest,J-Kramnik,V/New York
PCA Intel/1995/}) (9. Nb3 a5 10. Nd4 Nxd4 11. Qxd4 Bc6 12. Bg5 O-O 13. Qd2 Bxg2
14. Kxg2 a4 15. Rab1 Qa5 16. Rfd1 Rfc8 17. b3 axb3 18. axb3 Kf8 19. e4 Qc5 20.
Re1 Ra6 21. Re2 Re8 22. h3 Qb4 23. Qd3 Qc5 24. Be3 Qc6 25. Bd4 Ra3 $132 {
Agzamov,G-Gulko,B/URS-ch52 Riga/1985/}) 9... O-O (9... Qc8 10. e4 $5 (10. Re1
Bh3 11. Bh1 Ng4 $132) 10... Bh3 11. Ne3 $14) (9... Rc8 10. b3 h5 $5 11. Bb2 h4
12. Nd5 hxg3 13. hxg3 Nh5 14. Bxg7 Nxg7 15. Qd2 Ne5 16. Nce3 Bc6 17. Rfd1 Kf8
18. Rac1 g5 19. Qd4 f6 20. a4 $14 {(),Petursson,M-Conquest,S/Clichy op/1991/})
10. Bd2 (10. e4 Na5 (10... a6 11. Qe2 Rb8 12. a4 Bg4 13. f3 Bd7 14. Be3 a5 15.
Rfd1 Ne8 16. Qf2 Be6 17. Nd5 Bxb2 18. Rab1 Bg7 19. f4 Nf6 20. Nxf6+ Bxf6 21. e5
Bg7 22. c5 d5 23. Rd2 Qd7 24. Rb5 $44 {Beikert,G-Syska,A/2.BLS 9394/1994/}) 11.
Qd3 Rc8 12. Na3 Ng4 13. Bf4 a6 14. Rac1 Ne5 15. Bxe5 Bxe5 16. Kh1 Bg7 17. f4
Nc6 18. Rfd1 Qa5 19. Qd2 Qb4 20. h3 Be6 21. Bf1 Rfe8 22. Rc2 Nd4 $15 {
Michenka-Tumurhuyag/Bytom/1988/}) 10... a6 (10... Ne5 11. b3 Bc6 12. e4 $16 {()
}) (10... Be6 $142 11. Ne3 (11. b3 $2 d5 $15) 11... Qd7 $13 {[%cal Yf8c8,Ye6h3]
/\Bh3,Rfc8}) (10... Rb8 11. b3 a6 12. a4 Qb6 13. Rb1 Rfc8 14. h3 Qd8 15. e4 Ne8
16. Na3 Nc7 17. Re1 Ne6 18. Nd5 b6 19. Be3 Ned4 20. b4 e6 21. b5 exd5 22. cxd5
Nxb5 23. axb5 Na7 24. bxa6 Rc3 25. Bc1 Qc8 26. Bb2 Qxa6 27. Ra1 $16 {Psakhis,
L-Gulko,B/Moscow-ch/1981/}) (10... Qc8 $5 {Dolmatov} 11. Nd5 Bh3 $10) 11. Rc1 (
11. Rb1 $5) (11. Nd5 Nxd5 12. cxd5 Na5 13. Qe1 Nc4 14. Bc3 Bxc3 15. Qxc3 Rc8
16. Rfc1 Qb6 17. b3 Na3 18. Qe3 Qxe3 19. Nxe3 Nb5 20. Nc4 Nd4 21. Kf1 Bb5 22.
e3 Nf5 23. Ke1 Bxc4 24. Rxc4 Rxc4 25. bxc4 Rc8 26. Bf1 $14 {Treppner,
G-Koerholz,L/BL 8283/1982/}) 11... Rb8 (11... b5 $6 12. cxb5 axb5 13. Nxb5 Rxa2
14. Bxc6 Bxc6 15. Nb4 Bxb5 16. Nxa2 $16) 12. a4 $1 (12. e4 b5 $132) 12... Be8
$6 {[%csl Re8] A very passive move, the Bishop is misplaced on e8.} (12... Na5
13. Ne3 Bc6 (13... e6 {Dolmatov} 14. b4 Nc6 $14) 14. Ncd5 $40) (12... Ne5 13.
b3 Bc6 (13... b5 14. axb5 axb5 15. Nxb5 Bxb5 16. cxb5 Rxb5 17. Nd4 $16 {
[%csl Gb3,Gd2,Gg2] ^^,o^b3}) (13... e6 $14 {Dolmatov}) 14. e4 e6 $5 $14) (12...
a5 $5 $14) (12... e6 $6 {Dolmatov} 13. Bf4 $16) (12... Be6 {Dolmatov} 13. Nd5
Ne5) 13. b3 Nd7 (13... e6 $5 {Dolmatov} 14. Bf4 Nh5) 14. Rb1 Nc5 15. b4 Nd7 (
15... Ne6 {Dolmatov} 16. e3 Ne5 17. Qe2 Rc8 18. Na3) 16. a5 $1 $16 {() White
has increased his space advantage, Black has no counterplay.} f5 (16... Nce5
$142 17. Ne3 Nf6 $16 (17... b6 $2 18. f4 $18)) (16... Nde5 {Dolmatov} 17. Ne3
$16) 17. e4 $1 $36 {[+] White finally advances in the center, achieveing a
Maroczy position (Pc4,e4/Pd6) But Black's pieces are unusually passive and his
King-side has been compromised by f5.} Nde5 (17... fxe4 18. Bxe4 $16) 18. Ne3 (
18. exf5 $6 Nxc4 19. Bd5+ Bf7 $14) 18... f4 19. gxf4 Nd3 $2 {This pseudoactive
"jump" is the last mistake, as for the Nd3 there will be no way back.} (19...
Rxf4 20. Ncd5 (20. Nf5 $2 {Dolmatov} Rxf5 21. exf5 gxf5 $44) 20... Rf8 21. f4
$16) 20. Ned5 e6 21. Qe2 $1 exd5 (21... Bxc3 {Dolmatov} 22. Bxc3 (22. Nxc3 Nxf4
) (22. Qxd3 $2 Bxd2 23. Qxd2 exd5 $19) 22... Nxf4 23. Nxf4 Rxf4 24. Rbd1 $5 (
24. e5 dxe5 25. Bxe5 Nxe5 26. Qxe5 Rf5 27. Qxe6+ Bf7 $14) 24... e5 25. c5 $16)
22. Qxd3 $18 dxe4 (22... dxc4 23. Qxc4+ Bf7 24. Qd3 $18) 23. Nxe4 Nd4 24. Rfe1
(24. Bc3 $5 Ne6 (24... d5 25. Ng5 $1 $18 (25. cxd5 Bb5 $17)) 25. Bxg7 Nxf4 26.
Qxd6 (26. Qd4 $2 Ne2+) 26... Kxg7 27. Qe5+ $40) 24... h6 (24... d5 25. Ng5 $1
$18) 25. Bc3 Nf5 (25... Ne6 26. Bxg7 Kxg7 27. Qxd6 $18) 26. Bxg7 Kxg7 27. Rbd1
{[%csl Rd6,Rg7] עg7,d6} Bc6 (27... Bf7 {Dolmatov} 28. Qc3+ $18) 28. Nxd6 Nxd6
(28... Bxg2 29. Nxf5+ gxf5 30. Kxg2 $18) 29. Qxd6 Qxd6 30. Rxd6 Rxf4 (30...
Bxg2 31. Re7+ $1 (31. Kxg2 {Dolmatov} Rxf4 32. Re7+ Rf7 33. Rxf7+ Kxf7 34. Rb6
$18) 31... Rf7 32. Rxf7+ Kxf7 33. Kxg2 $18) 31. Re7+ Kf8 (31... Rf7 32. Ree6
Bxg2 33. Rxg6+ $18) 32. Rh7 Bxg2 (32... Rg4 {Dolmatov} 33. Rxc6 bxc6 (33... Kg8
34. Rcc7 $18) 34. Rh8+ $18) 33. Kxg2 Kg8 (33... Rxc4 34. Rdd7 Ke8 35. Rdg7 Kf8
36. Rxg6 $18 {-33...Kg8}) 34. Rdd7 Rxc4 35. Rdg7+ (35. Rdg7+ Kf8 36. Rxg6 $18 {
/\} Rxb4 37. Rg3 $1 Re8 38. Rh8+ Kf7 39. Rf3+) 1-0

[Event "WchT 9th"]
[Site "Antalya"]
[Date "2013.11.29"]
[Round "4.3"]
[White "Bu, Xiangzhi"]
[Black "Akopian, Vladimir Eduardovic"]
[Result "1-0"]
[WhiteElo "2683"]
[BlackElo "2681"]
[Annotator "Sumets,A"]
[PlyCount "133"]
[EventDate "2013.11.26"]
[EventType "team-tourn"]
[EventRounds "9"]
[EventCountry "TUR"]
[SourceTitle "CBM 158"]
[Source "ChessBase"]
[SourceDate "2014.01.16"]
[SourceVersion "1"]
[SourceVersionDate "2014.01.16"]
[SourceQuality "1"]
[WhiteTeam "China"]
[BlackTeam "Armenia"]
[WhiteTeamCountry "CHN"]
[BlackTeamCountry "ARM"]

1. Nf3 c5 2. c4 Nf6 3. g3 Nc6 4. Bg2 d6 5. Nc3 g6 6. O-O Bg7 7. d4 cxd4 8. Nxd4
Bd7 (8... O-O {leads to a very well-known gambit line.} 9. Nxc6 (9. Nc2) 9...
bxc6 10. Bxc6 Rb8 11. Bg2 (11. Qa4) 11... Qa5 12. Qc2 Bf5 13. e4 Be6 14. b3
Nxe4 15. Nxe4 Bxa1 16. Bg5 Bf5 17. Bxe7 Rfe8 18. Bxd6 Rbd8 19. Rxa1 Rxd6 $11 {
Grachev,B (2680)-Khalifman,A (2651) Tyumen 2012 1/2 (47)}) (8... Nxd4 {I think
it's the most logical move, because usually if you have a lack of space you
should trade minor pieces.} 9. Qxd4 O-O 10. Qd3 a6 11. Bd2 Rb8 12. Rac1 (12. a4
Nd7 13. Qc2 Ne5 14. b3 Bf5 $5 15. e4 Bg4 16. f4 (16. f3 Bd7 17. Be3 b5 18. axb5
axb5 19. Nxb5 Bxb5 20. cxb5 Rxb5 $11) 16... Nc6 17. h3 Bd7 18. Kh2 b5 19. cxb5
axb5 (19... Nb4 $1 20. Qb1 axb5 21. a5 Rc8 $15) 20. Nxb5 Bxa1 21. Rxa1 Qb6 22.
Bc3 Rfc8 $13 {1/2 (41) Efimenko,Z (2689)-Macieja,B (2614) Lublin 2012}) 12...
Bf5 13. e4 Bd7 14. Rfd1 (14. a4 Ng4 $5 15. b3 Ne5 16. Qe2 Qb6 17. Qd1 e6 $132)
14... b5 15. b4 bxc4 16. Qxc4 Qb6 17. h3 Rfc8 18. Qe2 h5 19. a3 Bc6 20. Bg5 Qb7
21. Qe3 Nh7 22. Bh6 Bxh6 23. Qxh6 Nf6 $11 {Bu Xiangzhi (2714)-Carlsen,M (2786)
Cap d'Agde 2008 1/2 (44)}) 9. b3 (9. Nc2 Ng4 $5 10. Bd2 h5 11. h3 Nge5 12. Ne3
(12. b3 {see the game Leko,P - Gashimov,V Astrakhan FIDE GP 2010 that is noted
by Marin, M}) 12... g5 13. Ne4 Bh6 14. Nd5 f5 15. Nxg5 e6 16. h4 (16. f4 $1
Bxg5 17. fxe5 exd5 18. e6 $1 Bxd2 19. exd7+ Qxd7 20. Qxd2 dxc4 21. Qg5 $16)
16... exd5 17. cxd5 Ne7 18. e4 Ng4 19. exf5 Bxf5 20. Qe2 Bg7 21. Rae1 $44 {
Movsesian,S (2699) -Vitiugov,N (2691) St Petersburg 2012 1/2 (70)}) (9. Nxc6 {
Probably this is the most principled line.} bxc6 (9... Bxc6 10. e4 O-O 11. Qe2
Nd7 12. Bd2 a5 13. Rac1 Nc5 14. Rfd1 Qb6 15. Be3 a4 16. Rc2 Qa5 17. Bd4 Bxd4
18. Rxd4 Rad8 19. Qe3 e5 20. Rd1 Ne6 $11 {Borovikov,V (2569)-Polzin,R (2469)
Paleochora 2012 1-0 (56)}) 10. c5 d5 11. e4 dxe4 12. Nxe4 Nd5 13. Rb1 O-O 14.
b4 Rb8 15. Bd2 Bf5 16. Qe2 Qc8 17. a4 Rd8 $13 {Le Quang,L (2714)-Wang Yue 
(2697) Beijing 2011 1-0 (61)}) 9... O-O (9... Nxd4 $5 10. Qxd4 Bc6 11. Bb2 O-O
12. Rfd1 Qa5 13. Qd2 Rfc8 14. e4 a6 15. Qe2 {1/2 Ovsejevitsch,S (2582)
-Cyborowski,L (2546) Koszalin 2008}) 10. Nc2 Rc8 {A rare line. You can see
more frequently 10...Qc8 or 10...Qa5.} (10... Qc8 11. Re1 Bh3 12. e4 (12. Bh1
Ng4 13. Bb2 Qf5 14. f3 (14. Bf3 $8 Nge5 15. Bh1 Ng4 $11) 14... Qxc2 $3 15. Qxc2
Bd4+ 16. e3 Nxe3 17. Qf2 $8 Nc2 $17 {Harika,D (2461)-Hou,Y (2578) Beijing 2008
0-1 (46)}) 12... Bxg2 13. Kxg2 a6 14. Bb2 Rb8 15. Rc1 Qd7 16. f3 b5 17. Ne3 {
1/2 Zhou Jianchao (2623)-Tomashevsky,E (2689) Sochi 2009}) (10... Qa5 11. Bb2
Qh5 12. Ne3 Bh3 13. Qd2 Bxg2 14. Kxg2 Qa5 15. Rfd1 Rfd8 16. Ned5 Nxd5 17. Nxd5
Qxd2 18. Rxd2 Bxb2 19. Rxb2 Rab8 20. Rd2 $14 {Meier,G (2558) -Harikrishna,P 
(2659) Germany 2009 1/2 (29)}) 11. Bd2 Be6 12. e4 Qd7 13. Qe2 Bh3 14. Rad1 h5
$5 {An aggressive plan.} (14... Bxg2 15. Kxg2 Rfe8 16. Nd5 e6 17. Nxf6+ Bxf6
18. Be3 Qe7 19. Rd3 $14 {White has slightly better chances.}) 15. f3 a6 16. Bf4
Bxg2 (16... h4 17. Nd5 (17. g4 $6 Bxg2 18. Kxg2 Nxg4 19. Nd5 Nf6 20. Nb6 Qe6
21. Nxc8 Rxc8 $44) 17... Bxg2 18. Kxg2 Nxd5 19. exd5 h3+ 20. Kg1 Ne5 21. Nd4
$14 {White is slightly better .}) 17. Kxg2 h4 18. Bg5 h3+ {V. Akopian takes on
additional responsibilities. The pawn on h3 might be lost soon. And as we can
see later on it happened in the game.} (18... Nh7 {I would recommend this move.
} 19. Bd2 b5 20. cxb5 Na7 21. b6 Bxc3 22. bxa7 h3+ 23. Kh1 Qxa7 $11) 19. Kh1
Nh7 20. Bd2 b5 21. cxb5 axb5 $6 {A strange decision.} (21... Na7 $1 22. b6 Bxc3
23. bxa7 Bxd2 24. Rxd2 Qxa7 25. Nb4 a5 26. Nd5 Rc5 $132) 22. Nd5 $6 ({Why not} 
22. Nxb5 $1 Na7 23. Nca3 $1 Nxb5 24. Nxb5 Rc2 25. a4 {and Black has nothing
for the pawn.}) 22... Qb7 23. Be3 Nf6 24. Nf4 Ne5 (24... Ra8 $5 25. Ne1 Rfc8
26. Nxh3 d5 27. Nf2 dxe4 28. Nxe4 Nb4 $44 {Black has a good compensation for
the sacrificed pawn.}) 25. Bd4 Ned7 $6 (25... g5 $5 26. Nxh3 (26. Bxe5 dxe5 27.
Nd5 Nxd5 28. exd5 Rfd8 29. Ne3 e6 30. dxe6 fxe6 $13 {The position is too
complicated to assess precisely.}) 26... g4 27. fxg4 Nxe4 28. Kg1 Nc3 29. Bxc3
Rxc3 30. Nd4 Rfc8 $44 {At least Black's chances are not worse.} 31. Qxb5 $4
Nf3+) 26. Bxf6 $6 {An odd move. It is difficult to explain why he traded his
strong bishop.} (26. Nxh3 e5 {Probably he was afraid of this reply.} (26... b4
27. Ne3 Rc6 28. Nc4 Ra8 29. Nf2 $16) 27. Bb2 d5 28. exd5 Nxd5 29. Ng5 b4 30.
Ne4 $16) 26... Nxf6 27. Nxh3 Rc5 $6 (27... Rc3 $1 28. Nf4 Rfc8 29. Nb4 e6 30.
Kg2 Bf8 31. Nfd3 Qa8 $44 {Black has good compensation for the sacrificed pawn.
I think the position might be assessed as an equal one.}) 28. Nb4 Bh6 29. Nf2
Rfc8 {Black controls the c-file but Vladimir Akopian didn't find the way to
exploit it.} 30. Kg2 Kf8 31. Rfe1 Rc3 32. Rd3 $14 {White consolidates his
position and starts to think about an active plan.} R3c5 33. f4 g5 $6 (33...
Qa8 $5 34. Kg1 Qa5 35. Qd2 Qa8 $5 {White doesn't threaten e5 anymore. He has
to find other plans.} 36. g4 (36. Qe2 Qa5) 36... Ne8 37. Rh3 Bg7 38. Qe3 (38.
f5 gxf5 (38... Bc3 $4 39. Rxc3 Rxc3 40. Nd5 R3c5 41. Qh6+) 39. gxf5 Rc3 $132 {
with some counterplay.}) 38... Rc3 39. Nfd3 Nf6 40. g5 Nd7 41. Nd5 Rc2 42. N3b4
R8c3 43. Nxc3 Rxc3 44. Nd3 $8 Qxa2 45. Rc1 Qxb3 46. Rxc3 Qxc3 47. Nf2 b4 $44)
34. fxg5 Rxg5 35. Qf3 Bg7 36. h4 Rgc5 $8 37. Re2 Qa7 38. Rd1 Rc3 (38... Nd7 39.
Ng4 Ne5 40. Nxe5 Bxe5 41. Nd3 Rc3 42. Qh5 $16) 39. Nfd3 Qd7 40. Nd5 $6 (40. Rf1
{with the threat Nd5} Qe6 41. Qf5 Qxf5 42. Rxf5 Rb8 43. e5 dxe5 44. Nxe5 $16)
40... Nxd5 41. exd5 Rc2 42. Rdd2 Rxd2 43. Rxd2 Rc3 {Black gets some
counterplay.} 44. Rf2 Bf6 45. g4 $5 (45. Qe4 Qa7 46. Nf4 Qe3 47. Qxe3 Rxe3 48.
Re2 Rc3 $14 {I think Black has good chances to draw.}) 45... Rxd3 $8 46. Qxd3
Qxg4+ 47. Qg3 Qe4+ 48. Qf3 Qxh4 $14 {Black has enough material for the
exchange. It would be perfect if he managed to play ...b4.} 49. Rc2 Be5 (49...
b4 $2 50. Rc8+ Kg7 51. Rc4 $18) 50. Kf1 Qh7 $2 {Unnecessary queen
decentralisation.} (50... Ke8 $1 {After a4 the black king might help to fight
against the passed pawn.} 51. Rc8+ Kd7 52. Rf8 Qh7 53. Rxf7 Qb1+ 54. Kg2 Qg6+
55. Kf2 Bd4+ 56. Kf1 Qb1+ 57. Kg2 Qxa2+ 58. Kh3 Qd2 $14 {The position seems to
be drawish.}) 51. Rc8+ Kg7 52. Qg2+ Kf6 53. Qf2+ (53. Ke2 $1 {Black has no
active moves} Bf4 (53... Qb1 $4 54. Qf3+ Kg7 (54... Qf5 55. Qxf5+ Kxf5 56. a4
$18) 55. Qg4+ Kf6 56. Qh4+ Kg7 57. Qh8+ Kg6 58. Rg8+ $18) 54. Qf3 Qf5 55. Qc3+
Be5 56. Qe3 Bf4 57. Qd4+ e5 58. dxe6+ Kxe6 59. Qd3 Qe5+ 60. Kf3 $18) 53... Kg7
54. Qg2+ Kf6 55. Rc2 $6 (55. Ke2 $1) 55... Qd3+ 56. Re2 Kf5 (56... Qb1+ $1 57.
Re1 Qf5+ 58. Qf2 Bf4 59. Rd1 e5 $14) 57. Qf2+ Kg4 $2 {It looks like the last
move was a decisive mistake} (57... Bf4 58. Kg2 Kg4 (58... Qxd5+ 59. Qf3 Qxf3+
60. Kxf3 Be5 61. a4 $18) 59. Rxe7 Qxd5+ 60. Kg1 Kf5 61. Re1 $16 {It is not
easy to assess if White has good chances to win the game.}) 58. Qe3 Qb1+ 59.
Kg2 f5 $8 (59... Kf5 60. Qf3+ Kg6 61. Qe4+ $18) 60. a4 $18 bxa4 61. bxa4 {
White has a passed pawn and a strong attack on the black king.} f4 62. Qe4 Qb3
63. Kh1 $1 Qd1+ 64. Re1 Qf3+ 65. Qxf3+ Kxf3 66. a5 Bc3 67. a6 1-0